| 000 | 00483nam a2200181Ia 4500 | ||
|---|---|---|---|
| 008 | 220216s9999 xx 000 0 und d | ||
| 100 | _aMohd Hamani S | ||
| 245 | 0 | _aFiber properties and density of four different species of Hevea wood | |
| 260 |
_bIAWA Journal _c2002 |
||
| 300 | _a475 | ||
| 500 | _aCAB CD 2002/08-2003/10 | ||
| 650 | _aWood anatomy | ||
| 650 | _aWood density | ||
| 700 | _aAbdul Rashid H | ||
| 700 | _aAhmad Bahtir H B | ||
| 700 | _aZaidon A | ||
| 942 | _cBO | ||
| 999 |
_c47895 _d47895 |
||